La voluntad del poder /

Đã lưu trong:
Chi tiết về thư mục
Tác giả chính: González Ortega, Alfonso
Tác giả khác: Solís Avendaño, Manuel
Định dạng: Texto
Được phát hành: San José, Costa Rica: Editorial de la Universidad de Costa Rica
Những chủ đề:
Các nhãn: Thêm thẻ
Không có thẻ, Là người đầu tiên thẻ bản ghi này!

MARC

LEADER 00000 a a2200000 04500
001 45878
003
040
020 |a 9977-67-678-X  
090 |a 02.04.02   |b G643e  
100 |a González Ortega, Alfonso  
245 |a La voluntad del poder /  |c Alfonso González Ortega 
260 |a San José, Costa Rica:   |b Editorial de la Universidad de Costa Rica  
650 |a CORRUPCION  
650 |a POLITICOS  
650 |a HISTORIA SOCIAL  
650 |a ASPECTOS SOCIALES  
700 |a Solís Avendaño, Manuel  
773 |g páginas 155-226  
999 |c 21797  |d 21797